[Event "POL-ch Universities"]
[Site "Bydgoszcz"]
[Date "2023.03.10"]
[Round "4"]
[White "Daniluk, Jerzy"]
[Black "Snihur, Piotr"]
[Result "1-0"]
[WhiteElo "2100"]
[BlackElo "2278"]
[PlyCount "57"]
[EventDate "2023.03.10"]
[EventType "swiss"]
[EventRounds "9"]
[EventCountry "POL"]
[SourceTitle "CBM 213 Extra"]
[Source "ChessBase"]
[SourceDate "2023.05.31"]
[SourceVersion "1"]
[SourceVersionDate "2023.05.31"]
[SourceQuality "1"]

1. d4 Nf6 2. Nf3 e6 3. e3 b6 4. Bd3 Bb7 5. Nbd2 c5 6. 0-0 Nc6 7. b3 cxd4 8. exd4 Be7 9. c4 d5 10. Bb2 0-0 11. Rc1 Rc8 12. Qe2 Re8 13. Rfd1 Bf8 14. h3 Qc7 15. Qe3 Qb8 16. Ne5 Red8 17. f4 dxc4 18. Nxc6 Bxc6 19. bxc4 b5 20. f5 bxc4 21. Nxc4 Bd5 22. Ba1 exf5 23. Rb1 Qa8 24. Ne5 Bxg2 25. Bxf5 Rb8 26. Rbc1 Be4 27. Bxe4 Qxe4 28. Qxe4 Nxe4 29. Nc6 1-0

[Event "POL-chT 2nd League"]
[Site "Szklarska Poreba"]
[Date "2017.09.09"]
[Round "8.14"]
[White "Daniluk, Jerzy"]
[Black "Stysiak, Szymon"]
[Result "0-1"]
[WhiteElo "2088"]
[BlackElo "2191"]
[PlyCount "78"]
[EventDate "2017.09.02"]
[EventType "team-swiss"]
[EventRounds "9"]
[EventCountry "POL"]
[SourceTitle "CBM 180 Extra"]
[Source "ChessBase"]
[SourceDate "2017.10.06"]
[SourceVersion "1"]
[SourceVersionDate "2017.10.06"]
[SourceQuality "1"]
[WhiteTeam "Ostroda Ostrodzianka"]
[BlackTeam "Roszada Zory"]
[WhiteTeamCountry "POL"]
[BlackTeamCountry "POL"]

1. Nf3 Nf6 2. b3 c5 3. Bb2 Nc6 4. c4 e6 5. g3 d5 6. cxd5 exd5 7. Bg2 Be7 8. 0-0 0-0 9. d4 b6 10. Nc3 Bb7 11. Rc1 Re8 12. Qc2 cxd4 13. Nb5 Ne4 14. Nbxd4 Rc8 15. Qb1 Nxd4 16. Bxd4 Ba3 17. Bb2 Qe7 18. Bh3 Rxc1 19. Rxc1 Bc5 20. Rxc5 bxc5 21. Qd3 d4 22. b4 Nf6 23. Bf1 Be4 24. Qc4 d3 25. Nd2 dxe2 26. Qxe2 cxb4 27. Bxf6 gxf6 28. Nxe4 Qxe4 29. Qa6 Qd4 30. Be2 Kg7 31. Bf3 Re5 32. Kg2 f5 33. Qc8 a5 34. Qc1 h6 35. Qc7 Rc5 36. Qb6 Qe5 37. Qb7 Rc2 38. Bd5 Qc7 39. Qa8 Qc5 0-1

[Event "POL-chT 2nd League"]
[Site "Szklarska Poreba"]
[Date "2017.09.07"]
[Round "6.10"]
[White "Daniluk, Jerzy"]
[Black "Niekras, Dawid"]
[Result "1/2-1/2"]
[WhiteElo "2088"]
[BlackElo "2313"]
[PlyCount "47"]
[EventDate "2017.09.02"]
[EventType "team-swiss"]
[EventRounds "9"]
[EventCountry "POL"]
[SourceTitle "CBM 180 Extra"]
[Source "ChessBase"]
[SourceDate "2017.10.06"]
[SourceVersion "1"]
[SourceVersionDate "2017.10.06"]
[SourceQuality "1"]
[WhiteTeam "Ostroda Ostrodzianka"]
[BlackTeam "Steszew Lipno"]
[WhiteTeamCountry "POL"]
[BlackTeamCountry "POL"]

1. d4 Nf6 2. c4 g6 3. Nc3 Bg7 4. Nf3 0-0 5. e4 d6 6. Be3 Ng4 7. Bg5 h6 8. Bh4 c5 9. d5 b5 10. cxb5 a6 11. a4 Qa5 12. Ra3 e6 13. Bc4 Qb4 14. Nd2 Bxc3 15. Rxc3 axb5 16. axb5 Qxb2 17. Rb3 Qd4 18. 0-0 Ne5 19. Bf6 Nbd7 20. Rd3 Qb2 21. Rb3 Qd4 22. Rd3 Qb2 23. Rb3 Qd4 24. Rd3 1/2-1/2

[Event "POL-chT 2nd League"]
[Site "Szklarska Poreba"]
[Date "2017.09.06"]
[Round "5.13"]
[White "Ustianovich, Nazar"]
[Black "Daniluk, Jerzy"]
[Result "1-0"]
[WhiteElo "2382"]
[BlackElo "2088"]
[PlyCount "105"]
[EventDate "2017.09.02"]
[EventType "team-swiss"]
[EventRounds "9"]
[EventCountry "POL"]
[SourceTitle "CBM 180 Extra"]
[Source "ChessBase"]
[SourceDate "2017.10.06"]
[SourceVersion "1"]
[SourceVersionDate "2017.10.06"]
[SourceQuality "1"]
[WhiteTeam "Chrzanow Olimpijczyk"]
[BlackTeam "Ostroda Ostrodzianka"]
[WhiteTeamCountry "POL"]
[BlackTeamCountry "POL"]

1. Nf3 Nf6 2. c4 b6 3. g3 Bb7 4. Bg2 c5 5. 0-0 g6 6. d4 cxd4 7. Qxd4 Bg7 8. Nc3 0-0 9. Qh4 Re8 10. Bh6 Bh8 11. e4 d6 12. Ng5 Nbd7 13. b3 a6 14. Rac1 e6 15. Rfd1 Qc7 16. Nf3 Rac8 17. Bf4 Ne5 18. Nxe5 dxe5 19. Bg5 Qe7 20. Rd3 Qa3 21. Rcd1 Nh5 22. g4 Nf4 23. Bxf4 exf4 24. Rh3 Bg7 25. Qxh7+ Kf8 26. Rhd3 Bc6 27. Ne2 g5 28. Nd4 Ba8 29. Nf3 Qe7 30. Qh5 Bxe4 31. Rd7 Qf6 32. Nxg5 Bg6 33. Qh4 Kg8 34. Nf3 Qb2 35. R7d2 Qf6 36. g5 Qe7 37. Qxf4 Rcd8 38. Ne5 Rxd2 39. Rxd2 Bxe5 40. Qxe5 Rd8 41. Rxd8+ Qxd8 42. h4 Qd1+ 43. Kh2 Qg4 44. Qg3 Qd4 45. Bf3 e5 46. Kg2 Kh7 47. Qg4 Qd3 48. Bd5 a5 49. h5 Bf5 50. Qf3 Qb1 51. Bxf7 Be4 52. Bg6+ Bxg6 53. hxg6+ 1-0

[Event "POL-chT 2nd League"]
[Site "Szklarska Poreba"]
[Date "2017.09.02"]
[Round "1.6"]
[White "Buraczewski, Rafal"]
[Black "Daniluk, Jerzy"]
[Result "0-1"]
[WhiteElo "2220"]
[BlackElo "2088"]
[PlyCount "70"]
[EventDate "2017.09.02"]
[EventType "team-swiss"]
[EventRounds "9"]
[EventCountry "POL"]
[SourceTitle "CBM 180 Extra"]
[Source "ChessBase"]
[SourceDate "2017.10.06"]
[SourceVersion "1"]
[SourceVersionDate "2017.10.06"]
[SourceQuality "1"]
[WhiteTeam "Zielonka Zieloni"]
[BlackTeam "Ostroda Ostrodzianka"]
[WhiteTeamCountry "POL"]
[BlackTeamCountry "POL"]

1. Nf3 g6 2. d4 Bg7 3. c4 d6 4. Nc3 Bg4 5. h3 Bxf3 6. gxf3 c6 7. Bg2 Nf6 8. 0-0 0-0 9. Bg5 Nbd7 10. Qd2 Qb6 11. f4 Rfe8 12. e3 e6 13. Rfd1 Qb4 14. d5 exd5 15. cxd5 c5 16. Qc2 Qa5 17. a4 a6 18. Ra3 Rac8 19. e4 c4 20. e5 dxe5 21. d6 exf4 22. Bxf4 Rb8 23. Raa1 Qc5 24. Qd2 b5 25. axb5 axb5 26. Be3 Qb4 27. Ra7 Red8 28. Bd4 Qxd6 29. Nxb5 Rxb5 30. Bxf6 Qxd2 31. Rxd2 Bxf6 32. Raxd7 Rxd7 33. Rxd7 Bxb2 34. Bd5 c3 35. Rxf7 Rxd5 0-1

[Event "POL-chT 2nd League"]
[Site "Wysowa"]
[Date "2007.09.10"]
[Round "8"]
[White "Daniluk, Jerzy"]
[Black "Puczylowski, Marcin"]
[Result "1-0"]
[WhiteElo "2094"]
[BlackElo "1927"]
[PlyCount "98"]
[EventDate "2007.09.03"]
[EventType "team-swiss"]
[EventRounds "9"]
[EventCountry "POL"]
[SourceTitle "EXT 2010"]
[Source "ChessBase"]
[SourceDate "2010.11.25"]
[SourceVersion "1"]
[SourceVersionDate "2010.11.25"]
[SourceQuality "1"]
[WhiteTeam "Olsztyn AZS UMW"]
[BlackTeam "Olsztyn Trzydziestka"]
[WhiteTeamCountry "POL"]
[BlackTeamCountry "POL"]

1. d4 d5 2. Nf3 c6 3. e3 Bf5 4. c4 e6 5. Qb3 Qb6 6. Nc3 Nf6 7. c5 Qxb3 8. axb3 Nbd7 9. b4 Be7 10. b5 Ne4 11. Nxe4 Bxe4 12. Nd2 Bc2 13. f4 g5 14. b4 gxf4 15. exf4 Bh4+ 16. g3 Bf6 17. Bb2 Ke7 18. Kf2 cxb5 19. Bxb5 a6 20. Be2 a5 21. Rhc1 Bg6 22. bxa5 Nb8 23. Ke3 Nc6 24. Bc3 Kd7 25. Bb5 Bf5 26. Nb3 h5 27. h4 Rhg8 28. Be1 Kc7 29. Ra4 Rab8 30. Be2 Rh8 31. Kd2 Bg7 32. Bf2 Be4 33. Rca1 Bf6 34. R1a2 Bg6 35. Rb2 Bg7 36. Kc3 Bf6 37. Nd2 Ra8 38. Rba2 Rhb8 39. Nf3 Bg7 40. Ne5 Nxe5 41. fxe5 f6 42. exf6 Bxf6 43. g4 hxg4 44. Bg3+ e5 45. dxe5 Bh8 46. Bxg4 d4+ 47. Rxd4 Re8 48. Rd7+ Kc6 49. Rd6+ Kxc5 1-0

[Event "POL-chT 2nd League"]
[Site "Wysowa"]
[Date "2007.09.09"]
[Round "7"]
[White "Masternak, Aleksander"]
[Black "Daniluk, Jerzy"]
[Result "0-1"]
[WhiteElo "2241"]
[BlackElo "2094"]
[PlyCount "42"]
[EventDate "2007.09.03"]
[EventType "team-swiss"]
[EventRounds "9"]
[EventCountry "POL"]
[SourceTitle "EXT 2010"]
[Source "ChessBase"]
[SourceDate "2010.11.25"]
[SourceVersion "1"]
[SourceVersionDate "2010.11.25"]
[SourceQuality "1"]
[WhiteTeam "Katowice Wasko II"]
[BlackTeam "Olsztyn AZS UMW"]
[WhiteTeamCountry "POL"]
[BlackTeamCountry "POL"]

1. e4 g6 2. d4 Bg7 3. Nc3 c6 4. Be3 d5 5. f3 Nf6 6. e5 Nfd7 7. Qd2 h5 8. Bd3 Nf8 9. 0-0-0 Bf5 10. Bxf5 gxf5 11. Nh3 Na6 12. Ng5 Qd7 13. g4 fxg4 14. fxg4 hxg4 15. Rde1 Ne6 16. Rhf1 Nxg5 17. Bxg5 Nc7 18. Qf2 Qe6 19. Na4 Qg6 20. Nc3 Rh7 21. Kb1 Na6 0-1

[Event "POL-chT 2nd League"]
[Site "Wysowa"]
[Date "2007.09.08"]
[Round "5"]
[White "Markiewicz, Mateusz"]
[Black "Daniluk, Jerzy"]
[Result "1-0"]
[WhiteElo "1973"]
[BlackElo "2094"]
[PlyCount "97"]
[EventDate "2007.09.03"]
[EventType "team-swiss"]
[EventRounds "9"]
[EventCountry "POL"]
[SourceTitle "EXT 2010"]
[Source "ChessBase"]
[SourceDate "2010.11.25"]
[SourceVersion "1"]
[SourceVersionDate "2010.11.25"]
[SourceQuality "1"]
[WhiteTeam "Pilzno GKSz Hetman"]
[BlackTeam "Olsztyn AZS UMW"]
[WhiteTeamCountry "POL"]
[BlackTeamCountry "POL"]

1. e4 e6 2. d4 d5 3. Nd2 Nf6 4. e5 Nfd7 5. f4 c5 6. Ndf3 Nc6 7. Ne2 f5 8. c3 Be7 9. Be3 0-0 10. h4 cxd4 11. Nexd4 Nxd4 12. Bxd4 Nc5 13. Bd3 Nxd3+ 14. Qxd3 Bd7 15. Bf2 b5 16. a3 a5 17. b3 Qc7 18. 0-0 Rfc8 19. Bd4 Be8 20. b4 Qc4 21. Qe3 Bh5 22. Nd2 Qe2 23. Qf2 Qxf2+ 24. Kxf2 Bxh4+ 25. g3 Be7 26. Nb3 axb4 27. axb4 Be8 28. Bc5 Bxc5+ 29. Nxc5 Kf7 30. Nb7 Rcb8 31. Nd6+ Ke7 32. Ke3 Ra4 33. Rxa4 bxa4 34. Ra1 Ra8 35. Ra3 h6 36. Kd4 g5 37. b5 gxf4 38. gxf4 h5 39. Kc5 h4 40. b6 h3 41. b7 Rb8 42. Ra2 Bh5 43. Kb6 d4 44. c4 Bf3 45. c5 Bg2 46. c6 h2 47. Ra1 h1Q 48. Rxh1 Bxh1 49. c7 1-0

[Event "POL-chT 2nd League"]
[Site "Wysowa"]
[Date "2007.09.03"]
[Round "1"]
[White "Milanowski, Jan"]
[Black "Daniluk, Jerzy"]
[Result "1/2-1/2"]
[WhiteElo "2084"]
[BlackElo "2094"]
[PlyCount "53"]
[EventDate "2007.09.03"]
[EventType "team-swiss"]
[EventRounds "9"]
[EventCountry "POL"]
[SourceTitle "EXT 2010"]
[Source "ChessBase"]
[SourceDate "2010.11.25"]
[SourceVersion "1"]
[SourceVersionDate "2010.11.25"]
[SourceQuality "1"]
[WhiteTeam "Pawlowice GKS Pniowek 74"]
[BlackTeam "Olsztyn AZS UMW"]
[WhiteTeamCountry "POL"]
[BlackTeamCountry "POL"]

1. d4 g6 2. Nf3 Bg7 3. c3 f5 4. Bf4 Nf6 5. Nbd2 b6 6. e3 Bb7 7. Be2 a6 8. 0-0 Nc6 9. a4 a5 10. h3 0-0 11. Qb3+ e6 12. Ne5 Ne7 13. c4 d6 14. Nd3 Rb8 15. Rad1 Kh8 16. Bh2 g5 17. Bf3 Ne4 18. Bxe4 fxe4 19. Nc1 c5 20. dxc5 bxc5 21. Qc2 Nf5 22. Nxe4 Bxe4 23. Qxe4 Rxb2 24. Qxe6 Qf6 25. Qxf6 Bxf6 26. Bxd6 Rd8 27. Nb3 1/2-1/2

[Event "POL-chT 2nd div North"]
[Site "Lublin"]
[Date "1999.??.??"]
[Round "3"]
[White "Kolendo, Filip"]
[Black "Daniluk, Jerzy"]
[Result "1/2-1/2"]
[WhiteElo "2185"]
[BlackElo "2170"]
[PlyCount "28"]
[EventDate "1999.09.11"]
[EventType "team-swiss"]
[EventRounds "8"]
[EventCountry "POL"]
[SourceTitle "EXT 2003"]
[Source "ChessBase"]
[SourceDate "2002.11.25"]
[SourceVersion "1"]
[SourceVersionDate "2002.11.25"]
[SourceQuality "1"]
[WhiteTeam "Poznan Pocztowiec II"]
[BlackTeam "Olsztyn Smialy Police/AZS WSP"]
[WhiteTeamCountry "POL"]
[BlackTeamCountry "POL"]

1. d4 g6 2. Nf3 Bg7 3. e4 c6 4. c4 d5 5. cxd5 cxd5 6. e5 Bg4 7. Bb5+ Nc6 8. 0-0 Nh6 9. Qa4 0-0 10. Bxc6 bxc6 11. Qxc6 Bxf3 12. gxf3 Nf5 13. Qc3 Qb6 14. Be3 Rfc8 1/2-1/2

[Event "POL-chT 2nd div North"]
[Site "Lublin"]
[Date "1999.??.??"]
[Round "1"]
[White "Krainski, Slawomir"]
[Black "Daniluk, Jerzy"]
[Result "1/2-1/2"]
[WhiteElo "2215"]
[BlackElo "2170"]
[PlyCount "60"]
[EventDate "1999.09.11"]
[EventType "team-swiss"]
[EventRounds "8"]
[EventCountry "POL"]
[SourceTitle "EXT 2003"]
[Source "ChessBase"]
[SourceDate "2002.11.25"]
[SourceVersion "1"]
[SourceVersionDate "2002.11.25"]
[SourceQuality "1"]
[WhiteTeam "Swiecie Gambit"]
[BlackTeam "Olsztyn Smialy Police/AZS WSP"]
[WhiteTeamCountry "POL"]
[BlackTeamCountry "POL"]

1. e4 g6 2. d4 Bg7 3. Nf3 c6 4. Nc3 d5 5. h3 Nf6 6. e5 Ne4 7. Nxe4 dxe4 8. Ng5 c5 9. c3 cxd4 10. cxd4 Nc6 11. Be3 Qa5+ 12. Qd2 Qxd2+ 13. Kxd2 0-0 14. Kc3 h6 15. Nxe4 Bf5 16. Ng3 Rac8 17. Kb3 Rfd8 18. Nxf5 gxf5 19. f4 Nxd4+ 20. Bxd4 Rxd4 21. g3 e6 22. Rh2 Bf8 23. a3 Rc5 24. Re1 Be7 25. Rc2 Rxc2 26. Kxc2 Bc5 27. Bd3 h5 28. h4 Kh7 29. Rf1 Rd8 30. Rf3 Bd4 1/2-1/2

[Event "MK Cafe Cup-A"]
[Site "Koszalin"]
[Date "1997.08.07"]
[Round "6"]
[White "Ilczuk, Piotr"]
[Black "Daniluk, Jerzy"]
[Result "1/2-1/2"]
[WhiteElo "2255"]
[BlackElo "2230"]
[PlyCount "81"]
[EventDate "1997.08.03"]
[EventType "swiss"]
[EventRounds "10"]
[EventCountry "POL"]
[SourceTitle "CBM 059 Extra"]
[Source "ChessBase"]
[SourceDate "1997.09.26"]
[SourceVersion "1"]
[SourceVersionDate "1997.09.26"]
[SourceQuality "1"]

1. e4 e6 2. d4 d5 3. e5 c5 4. c3 Nc6 5. Nf3 Bd7 6. Be2 cxd4 7. cxd4 Nh6 8. Nc3 f5 9. exf6 Qxf6 10. Bg5 Qf7 11. 0-0 a6 12. Bxh6 gxh6 13. Ng5 Qg7 14. Bh5+ Ke7 15. Nf7 Rg8 16. Qf3 Nxd4 17. Nxd5+ exd5 18. Rfe1+ Be6 19. Qxd5 Qxg2+ 20. Qxg2 Rxg2+ 21. Kxg2 Nc2 22. Rxe6+ Kxe6 23. Rd1 Nb4 24. Nd8+ Ke7 25. Nxb7 Nxa2 26. Nc5 Ra7 27. Bg4 Nb4 28. Ne6 Kf7 29. Nxf8 Kxf8 30. Rd7 Rxd7 31. Bxd7 Nd3 32. b3 Nc5 33. Ba4 Ke7 34. Kf3 Kf6 35. Kf4 h5 36. f3 h6 37. Ke3 Ke5 38. h4 a5 39. f4+ Kf5 40. Kf3 Kf6 41. Ke2 1/2-1/2

[Event "Jaroslawiec op-A"]
[Site "Jaroslawiec"]
[Date "1995.??.??"]
[Round "2"]
[White "Daniluk, Jerzy"]
[Black "Dera, Andrzej"]
[Result "1-0"]
[WhiteElo "2160"]
[BlackElo "2190"]
[PlyCount "38"]
[EventDate "1995.??.??"]
[EventType "swiss"]
[EventRounds "9"]
[EventCountry "POL"]
[SourceTitle "EXT 2006"]
[Source "ChessBase"]
[SourceDate "2005.11.24"]
[SourceVersion "1"]
[SourceVersionDate "2005.11.24"]
[SourceQuality "1"]

1. e4 e6 2. d4 d5 3. e5 c5 4. c3 Qb6 5. Nf3 Nc6 6. a3 cxd4 7. cxd4 f6 8. Bd3 Bd7 9. Bc2 g6 10. 0-0 fxe5 11. dxe5 Bg7 12. Re1 Nh6 13. Nc3 Nf7 14. Nxd5 exd5 15. e6 0-0 16. exf7+ Kh8 17. Qxd5 Rad8 18. Bg5 Bf5 19. Bxd8 Rxd8 1-0

[Event "POL-ch Academia"]
[Site "Warsaw"]
[Date "1994.??.??"]
[Round "?"]
[White "Bugajski, Robert"]
[Black "Daniluk, Jerzy"]
[Result "0-1"]
[WhiteElo "2360"]
[BlackElo "2100"]
[PlyCount "49"]
[EventDate "1994.??.??"]
[EventType "swiss"]
[EventRounds "9"]
[EventCountry "POL"]
[SourceTitle "EXT 2004"]
[Source "ChessBase"]
[SourceDate "2003.11.25"]
[SourceVersion "1"]
[SourceVersionDate "2003.11.25"]
[SourceQuality "1"]

1. d4 g6 2. Nf3 Bg7 3. g3 Nf6 4. Bg2 0-0 5. c4 c5 6. 0-0 cxd4 7. Nxd4 Nc6 8. Nc3 Qb6 9. Nb3 d6 10. Nb5 Be6 11. Be3 Qd8 12. Rc1 Ng4 13. Bd4 Nge5 14. Bc3 Bxc4 15. N5d4 Ba6 16. f4 Nxd4 17. Nxd4 Ng4 18. Rf3 Nf6 19. b4 Bc4 20. f5 Bd5 21. fxg6 hxg6 22. Rxf6 Bxg2 23. Rxg6 fxg6 24. Kxg2 Rf2+ 25. Kh3 0-1